01165nab a22001937a 4500003000400000005001700004008004100021040000700062100002000069245013000089260007200219300001300291500003900304505036400343505008900707650002100796650001700817773013700834OSt20260110012014.0190605e xxu||||| |||| 00| 0 spa d cPJ aGarcía, Nadia13aLa movilidad jubilatoria a 30 años de la sanción de la ley 24.241 :buna historia tristemente repetida /cNadia García. aCiudad Autónoma de Buenos Aires :bThomson Reuters La Ley,c2023. ap. 28-35 aCita: TR LALEY AR/DOC/2568/2023.  aSumario: I. Introducción.— II. La movilidad en la ley 24.241: el Aporte Medio Previsional Obligatorio (AMPO).— III. Módulo Previsional (MOPRE).— IV. Ley 24.463: la movilidad que no fue.— V. La movilidad en la sucesión normativa: leyes 26.417, 27.426 y 27.541.— VI. La movilidad en la ley 27.609.— VII. Conclusiones.— VIII. Bibliografía.  t¿Te interesa el texto completo? Solicitalo al correo: koha@justierradelfuego.gov.ar 0aSEGURIDAD SOCIAL 0aJUBILACIONES0 02711dCiudad Autónoma de Buenos Aires : Thomson Reuters La Ley, 1999-2002.tRevista de derecho del trabajo. Nº 6 - Noviembre 2023